000 00784nam a2200253Ia 4500
003 OSt
005 20220918230908.0
006 a|||||r|||| 00| 0
007 ta
008 220917b |||||||| |||| 00| 0 eng d
020 _c150
024 _a261,498
037 _b2/6/91/WFI, 02/03/2012, Writiers' Forum,Imphal
_cTextual
040 _aARTS
_cARTS
_beng
041 _2eng
_aeng
082 _aU8.26114, 446114Q0
100 _aSaratchand Thiyam
_9153476
245 0 _aNungshibi Greece
260 _aImphal
_bPoknapham Publications India
_c2010
300 _a128p.
_ccm.
650 _aGEOGRAPHY; GEOGRAPHY
_9153477
942 _hU8.26114, 446114Q0
_cTEXL
_2CC
999 _c289247
_d289247